000 00879nam0a22002771 4500
001 rc\3614573
005 20260406120240.0
021 _aRU
_b[70-84782]
035 _a(NLR Aleph) 007714163
090 _a6880183
_c6880183
100 _a20130115d1970 |||y0rusy50 ca
101 0 _arus
102 _aRU
105 _ay z |||a|
200 1 _aПоэмы
_f[Коммент. С. Бонди]
210 _aМосква
_cДет. лит.
_d1970
215 _a191 с.
_d21
225 1 _aШкольная библиотека
_i[Для средней школы]
700 1 _8rus
_7ca
_aПушкин
_bА. С.
_cпоэт
_f1799-1837
_gАлександр Сергеевич
_3RU\NLR\AUTH\77386
_9110441
702 1 _aБонди
_bС.
_4212
801 0 _aRU
_bNLR
_gpsbo
801 1 _aRU
_bELAR
_2rusmarc
852 _aNLR
_jПушкин/4-П-67-24
942 _cBOOK
980 _aNB